| 000 | 00427nam a2200133Ia 4500 | ||
|---|---|---|---|
| 008 | 170221s9999 xx 000 0 und d | ||
| 100 | _aLarry D. Phillips | ||
| 245 | _aEmpowerment and Coworker Response to Leader Tactic and Organizational Hope | ||
| 245 | _cLarry D. Phillips | ||
| 260 | _c2013 | ||
| 300 | _a7 : | ||
| 650 | _xBusiness | ||
| 856 | _uhttp://www.regent.edu/acad/global/publications/elj/vol8iss1/1ELJ-Sawyer.pdf | ||
| 999 |
_c313307 _d313307 |
||